000 01076nam0a2200277 4500
001 RU\NLR\BIBL_A\022442789
005 20250625235348.0
035 _a(NLR Aleph) 022442789
090 _a13353511
_c13353511
100 _a20250203d1984 |||y0rusy50 ca
101 0 _aswa
102 _aRU
105 _ay z 001zy
200 1 _aNadharia ya Lenin kuhusu mapinduzi ya kuania ukombozi wa kitaifa na zama za sasa
_dЛенинское учение о национально-освободительных революциях и современность
_fV. Zotov
_gH. A. Razak
_zrus
210 _aMoscow
_cProgress Publishers
_d1984
215 _a163 [5] с.
_d17 см.
225 1 _aMfululizo wa vitabu vya maarifa ya kisiasa
_dБиблиотека политических знаний
_zrus
606 0 _aСуахили язык
_2nlr_sh1
606 1 _aЛенин
_jРеволюция
700 1 _aЗотов
_bВ.
_4070
702 1 _aRazak
_bH. A.
_gHusein Abdul
_4730
852 _aNLR
_bОЛСАА-афр
_j2-892
942 _cBOOK
980 1 _aAFR
980 _aNB